000 00511nam a2200193Ia 4500
005 20250326142348.0
008 250326s9999 xx 000 0 und d
037 _aTextbook
040 _aFMSL
_beng
_cFMSL
041 _aeng
_2eng
084 _qFMSL
100 _aLesikar R V
_9738430
245 0 _aBusiness communication: Theory and application
_cLesikar R V; Pettit J D
250 _aEd 6
260 _aDelhi
_bDelhi, A I T B S
_c1994
300 _a768p
942 _cTB
999 _c1294666
_d1294666